زلة القارئ / (رقم التسجيلة. 140949)

تفاصيل مارك
000 -الفاتح
عناصر البيانات ثابتة الطول 00968cam a2200205 i 4500
005 - تاريخ ووقت آخر معاملة
حقل ضبط 20251123105733.0
008 - عناصر البيانات ثابتة الطول
عناصر البيانات ثابتة الطول 250721s2019 jo gr 000 0 ara d
020 ## - الترقيم الدولي المعياري للكتب (ردمك)
الترقيم الدولي المعياري للكتب (ردمك) 9789957638726
082 14 - رقم تصنيف ديوي العشري
رقم التصنيف 211.3
رقم المادة ز ي ل
100 1# - مدخل رئيسي – اسم شخصي
الاسم الشخصي الزيلي، أبي الليث محرم بن محمد بن العارف،
تواريخ خاصة بالشخص - 1010 ه،
علاقة الشخص بالعمل/ دوره مؤلف.
245 10 - بيان العنوان
العنوان زلة القارئ /
بيان المسؤولية تأليف أبي الليث محرم بن محمد بن العارف الزيلي (ت 1010 ه - 16010 م) ؛ تصدير وتقديم وتحقيق الأستاذ الدكتور عمر يوسف عبد الغني حمدان.
250 ## - بيان الطبعة
بيان الطبعة الطبعة الأولى.
264 31 - بيانات النشر، التوزيع…إلخ
مكان النشر، التوزيع...إلخ عمان :
اسم الناشر، الموزع...إلخ جمعية المحافظة على القرآن الكريم،
تاريخ النشر، التوزيع...إلخ 2019.
300 ## - الوصف المادي
عدد الوحدات المكونة للوعاء 165 صفحة.
650 17 - مدخل إضافي بالموضوع - مصطلح موضوعي
مصطلح موضوعي أو اسم جغرافي كعنصر مدخل القرآن الكريم.
650 17 - مدخل إضافي بالموضوع - مصطلح موضوعي
مصطلح موضوعي أو اسم جغرافي كعنصر مدخل قراءة القرآن
700 1# - مدخل إضافي - اسم شخصي
الاسم الشخصي حمدان، عمر يوسف عبد الغني
علاقة الشخص بالعمل/ دوره محقق.
942 ## - بيانات إضافية (كوها)
نوع التنصيف Dewey Decimal Classification
نوع المادة (كوها) كتب
المقتنيات
حالة السحب حالة الفقدان مصدر التصنيف حالة التلف غير قابل للإعارة المكتبة الرئيسية المكتبة الحالية موقع الرف تاريخ التزويد الرقم المتسلسل Total Checkouts رقم الإستدعاء الباركود تاريخ آخر ظهور تاريخ الفاتورة نوع المادة (كوها)
    Dewey Decimal Classification     المكتبة المركزية المكتبة المركزية الإعارة 28/07/2025 1729233   211.3 / ز ي ل PLD00477793 28/07/2025 28/07/2025 كتب
    Dewey Decimal Classification     مكتبة أبو علندا العامة مكتبة أبو علندا العامة الإعارة 22/11/2019 1729234   211.3/زيل PLD00478584 28/07/2025 22/11/2019 كتب
    Dewey Decimal Classification     مكتبة أم قصير والمقابلين العامة مكتبة أم قصير والمقابلين العامة الإعارة 22/11/2019 1729237   211.3/زيل PLD00478587 28/07/2025 22/11/2019 كتب
    Dewey Decimal Classification     مكتبة الاميرة بديعة مكتبة الاميرة بديعة الإعارة 22/11/2019 1729238   211.3/زيل PLD00478588 28/07/2025 22/11/2019 كتب
    Dewey Decimal Classification     مكتبة الجويدة مكتبة الجويدة الإعارة 22/11/2019 1729235   211.3/زيل PLD00478585 28/07/2025 22/11/2019 كتب
    Dewey Decimal Classification     مكتبة الحسن العامة مكتبة الحسن العامة الإعارة 22/11/2019 1729240   211.3/زيل PLD00478590 28/07/2025 22/11/2019 كتب
    Dewey Decimal Classification     مكتبة صويلح العامة مكتبة صويلح العامة الإعارة 22/11/2019 1729239   211.3/زيل PLD00478589 28/07/2025 22/11/2019 كتب
Implemented & Customized by: BBB with SCIT (Smart Chains for Information Technology)

Powered by Koha